Sou um adolescente! (Registo nº 935)

Detalhes MARC
000 -Etiqueta do registo
Cabeçalho 01038nam a2200349 4500
005 - Identificador da versão
Campo de controlo 20240813121819.0
010 ## - Número internacional normalizado dos livros (ISBN)
Número (ISBN) 9722332708
021 ## - Número do Depósito Legal
Código do país PT
Número 222503/05
035 ## - Other System Control Numbers
System Control Number 0001000
System Control Number 0000983
100 ## - Dados gerais de processamento
Dados gerais de processamento 20070910d2005 d y0pory5003 ba
102 ## - Pais de publicação ou produção
País de publicação Portugal
101 1# - Língua de publicação
Língua do texto, banda sonora, etc. Português
Língua do documento no original Espanhol
106 ## - Campo de dados codificados: material textual
Dados codificados do material textual r
105 ## - Campo de dados codificados: livros
Dados codificados dos livros a z 000yy
215 ## - Descrição física 
Indicação específica da natureza do documento e extensão da espécie 47, [1] p.
Outras indicações físicas il.
Dimensões 25 cm
200 1# - Titulo e menção de responsabilidade
Título próprio Sou um adolescente!
Primeira menção de responsabilidade Núrcia Roca
Outras menções de responsabilidade il. Marta Fàbrega
-- trad. Isabel Andrade
205 ## - Menção da edição
Menção da edição 2a ed
210 ## - Publicação, Distribuição, etc. 
Lugar da edição, distribuição, etc. Lisboa
Nome do editor, distribuidor, etc. Presença
Data da publicação, distribuição, etc. 2005
304 ## - Notas relativas a título e menção de responsabilidade 
Texto da nota Tít. orig.: Soy un adolescente
606 ## - Nome comum usado como assunto
Número de registo de entrada de autoridade 0001231
Palavra de ordem Adolescentes do sexo masculino
Subdivisão de assunto Sexualidade
Form Subdivision [Publicações juvenis]
Código do sistema SIPOR
675 ## - Classificação Decimal Universal (CDU)
Notação 087.5
Edição BN
Língua da edição por
Notação 613.88(0.053.6)
Edição BN
Língua da edição por
Notação 159.922-053.6(0.053.6)
Edição BN
Língua da edição por
702 #1 - Nome de autor-pessoa física (responsabilidade secundária)
Número de registo de entrada de autoridade 0001233
Palavra de ordem Fàbrega
Outra parte do nome não tomada para palavra de ordem Marta
Código de função Ilustrador / Técnico de desenho computorizado
Número de registo de entrada de autoridade 0001234
Palavra de ordem Andrade
Outra parte do nome não tomada para palavra de ordem Isabel
Código de função Tradutor
700 #1 - Nome de autor-pessoa física (responsabilidade principal)
Número de registo de entrada de autoridade 0001228
Palavra de ordem Roca
Outra parte do nome não tomada para palavra de ordem Núria
942 ## - Elementos de entrada adicionados (Koha)
Tipo de item no Koha Livro
Exemplares
Situação do levantamento Origin of item (home branch) (coded) Biblioteca de empréstimo Código de barras Cota Circulation type (not for loan) Tipo de documento Nota do exemplar Damaged status
  Biblioteca Escolar Eng. Nuno Mergulhão Biblioteca Escolar Eng. Nuno Mergulhão BENM1676 612 ROC   Livro Sem mensagem